000 00346nam a2200145Ia 4500
008 230312s9999||||xx |||||||||||||| ||und||
020 _a0-19-550642-1
082 _a707.12
_bMOL-A
100 _aMol;Joanna,Raheb
245 0 _aArt & Mind
260 _bMol;Joanna,Raheb
_aSingapore
_c1998
300 _a246
650 _aArchitecture
942 _cBK
999 _c12112
_d12112